| 000 | 00678nam a22001937a 4500 | ||
|---|---|---|---|
| 003 | 1 | ||
| 005 | 20220302142423.0 | ||
| 008 | 220302b xxu||||| |||| 00| 0 eng d | ||
| 020 | _a978-0-393-65237-6 | ||
| 050 |
_aBF448 _b.K7613 2018 |
||
| 100 | _aKrogerus, Mikael. Tschappeler,Roman. | ||
| 245 |
_aThe decision book: _bfifty models for strategic thinking: _cMikael Krogerus, Roma Tschappeler; translated byJenny Piening. |
||
| 250 | _anew, fully revised ed. | ||
| 260 |
_aNew York: _bW.W. Norton & Company. _cc201/8 |
||
| 300 |
_a174 pp. _c17 cm. _eIncludes bibliographic references and index. |
||
| 500 | _aDecision making. | ||
| 500 | _aCritical thinking | ||
| 942 |
_2lcc _cBK |
||
| 999 |
_c364704 _d364704 |
||